Исследование свойств литого кобальта с добавками титана и никеля; Сборник научных трудов Томского инженерно-строительного института; Т. 21

Xehetasun bibliografikoak
Parent link:Сборник научных трудов Томского инженерно-строительного института
Т. 21.— 1973.— С. 55-67
Egile nagusia: Карелин А. Г.
Beste egile batzuk: Кащук В. А.
Hizkuntza:errusiera
Argitaratua: 1973
Gaiak:
Formatua: Liburu kapitulua
KOHA link:https://koha.lib.tpu.ru/cgi-bin/koha/opac-detail.pl?biblionumber=594599

MARC

LEADER 00000naa0a2200000 4500
001 594599
005 20250211155136.0
035 |a (RuTPU)RU\TPU\tpu\11293 
090 |a 594599 
100 |a 20030901d1973 k||y0rusy50 ca 
101 0 |a rus 
102 |a RU 
200 1 |a Исследование свойств литого кобальта с добавками титана и никеля  |f А. Г. Карелин, В. А. Кащук 
320 |a Библиогр.: 28 назв. 
461 |t Сборник научных трудов Томского инженерно-строительного института 
463 |t Т. 21  |v С. 55-67  |d 1973 
610 1 |a литой кобальт 
610 1 |a добавки 
610 1 |a титан 
610 1 |a никель 
610 1 |a труды учёных ТПУ 
700 1 |a Карелин  |b А. Г. 
701 1 |a Кащук  |b В. А. 
801 1 |a RU  |b 63413507  |c 20030901  |g PSBO 
801 2 |a RU  |b 63413507  |c 20100310  |g RCR 
942 |c CR